000 00763cab a2200253 4500
001 WB3218-31
008 090401t1996 xxu||||| |||| 00| 0 eng d
035 _a(Sirsi) u58108
041 _aeng
245 _aPub sale
260 _c1996
350 _a0
490 _aFinancial Times
_v9 May 1996, 2.1(1)
520 _aInntrepreneur Estates, the joint venture owned by Grand Metropolitan and Foster`s Brewing Group has sold a third of its pubs for £262m to Spring Inns.
650 _aINNTREPRENEUR ESTATES
650 _aJOINT VENTURES
650 _aLICENSED PREMISES
650 _aPUBLIC HOUSE MARKET
650 _aPUBLIC HOUSES
690 _aPROPERTY-COMMERCIAL PROPERTY
690 _aLEISURE AND RECREATION
942 _n0
948 _c04/03/1997
999 _c35450
_d35450